000 01999cam a2200325 i 4500
001 16206
003 DO-SdUEMH
005 20260130152700.0
007 ta
008 211105s2009 dr a|||gr|||| 000 0 spa|d
020 _a9789945443486
040 _aDO-SdUEMH
_bspa
_erda
041 _aspa
082 1 4 _mRD
_aRD33097293
_bN964l
084 _b18-00060
110 _aRepública Dominicana : Banco Central
245 1 0 _aNueva literatura económica dominicana :
_bpremios del Concurso Biblioteca "Juan Pablo Duarte" 2008 /
264 0 1 _aSanto Domingo :
_bBanco Central de la República Dominicana,
_c2009
264 _c©2009
300 _axxi, 335 páginas :
_bilustraciones ;
_c22 cm.
336 _2rdacontent
_atexto
_btxt
337 _2rdamedia
_asin mediación
_bn
338 _2rdacarrier
_avolumen
_bnc
490 _aBanco Central de la República Dominicana ;
_v118
490 _aNueva literatura económica dominicana ;
_v12
504 _aBibliografías al final de cada parte
505 2 _aPalabras de la licenciada Clarissa de la Rocha de Torres, xiii -- Palabras del Dr. Julio G. Andújar Scheker, xvii -- Fluctuaciones macroeconómicas en la economía dominicana. un análisis de VAR estructural (primer premio) / Patricia Bencosme Germán, 3 -- Economía del crimen y la reincidencia penitenciaria: evidencia empírica para la república dominicana (segunda premio) / Gladys Isabel Jiménes Reyes, Brenda Mercedes Villanueva Rivas, 49 -- Fondo de solidaridad de la república dominicana (tercer premio / Clara Amelia Yaryura, 131 -- Un análisis sobre el nivel de reservas internacionales óptimo en la república dominicana (primera mención de honor) / Carlos Manuel Gratereaux Hernández -- No linealidades en la curva de Phillips y la política monetaria: teorías y evidencia para la república dominicana (segunda mención de honor) / Raúl E. Hernández Báez, Juan A. Pimentel Aristy, 249 -- Historia de los jurados del concurso, 323.
942 _2ddc
_cBK
_n0
999 _c16206
_d16206